التشكيل المغربي | Atachkil almaghribi (notice n° 7351)
[ vue normale ]
| 000 -Label | |
|---|---|
| leader | 01233nam a2200193 4500 |
| 099 ## - Informations locales | |
| Type de document | Livre |
| 100 ## - Données générales de traitement | |
| a | 20250319d u||y0frey5050 ba |
| 101 ## - Langue | |
| langue document | arabe |
| 102 ## - Pays d'édition ou de production | |
| pays d'édition | Syrie |
| 200 ## - Titre | |
| titre propre | التشكيل المغربي |
| -- | Atachkil almaghribi |
| type de document | Livre |
| sous-titre | بين التراث و المعاصرة |
| -- | Entre tradition et modernité |
| auteur | محمد أديب السلاوي |
| -- | Mohamed Adib El-Slaoui |
| 210 ## - Editeur | |
| lieu de publication | دمشق |
| nom de l'éditeur | منشورات وزارة الثقافة والإرشاد القومي |
| -- | Publications du Ministère de la Culture et de l'Orientation Nationale |
| date de publication | 1973 |
| 215 ## - Description | |
| Importance matérielle | 303 p. |
| autres carac. | Couv.coul. |
| format | 23x17 |
| 606 ## - sujets | |
| sujet | التشكيل المغربي |
| subdiv. sujet | La formation marocaine |
| -- | بين التراث و المعاصرة |
| -- | Entre tradition et modernité |
| -- | الموقف التشكيلي في المغرب |
| -- | La position artistique au Maroc |
| -- | النقد والحركة التشكيلية |
| -- | La critique et le mouvement artistique |
| -- | العودة إلى التراث |
| -- | Le retour à la tradition |
| -- | اتجاهات و تيارات |
| -- | Les tendances et courants |
| -- | الاحساس الجمالي |
| koha internal code | 19493 |
| 607 ## - sujets | |
| sujet | المغرب |
| subdiv. géo. | Maroc |
| koha internal code | 19494 |
| 701 ## - coauteur | |
| code de fonction | Auteur |
| nom | El-Slaoui |
| prénom | Mohamed Adib |
| koha internal code | 19495 |
| 801 ## - source de catalogage | |
| pays | TN |
| agence de catalogage | 32BIS |
| date de la transaction | 20250319 |
| règles de catalogage utilisées | UNIMARC |
| 830 ## - note | |
| catalogeur | MS |
| Propriétaire | Dépositaire | Localisation | Code barre | Numéro Inventaire | Cote | Note | Statut |
|---|---|---|---|---|---|---|---|
| The 32bis Library | The 32bis Library | Salle de lecture 32BIS | 005507 | 5430 | 709.174 ELS | Dépôt MAB | Consultable sur place |